Normal view
MARC view
Entry Personal Name
001 - CONTROL NUMBER
- control field: 33363
003 - CONTROL NUMBER IDENTIFIER
- control field: OSt
005 - DATE AND TIME OF LATEST TRANSACTION
- control field: 20160119170646.0
008 - FIXED-LENGTH DATA ELEMENTS
- fixed length control field: 160119|| aca||aabn | a|a d
040 ## - CATALOGING SOURCE
- Original cataloging agency: OSt
- Transcribing agency: OSt
100 ## - HEADING--PERSONAL NAME
- Personal name: Chattopadhyay, Matangini
670 ## - SOURCE DATA FOUND
- Source citation: Work cat.: (OSt)31047: Chattopadhyay, Matangini, Data Structures Through 'C' Language, 2002









